Woman in Islam: (Record no. 29750)
[ view plain ]
| 000 -LEADER | |
|---|---|
| fixed length control field | 00527nam a22001817a 4500 |
| 003 - CONTROL NUMBER IDENTIFIER | |
| control field | OSt |
| 005 - DATE AND TIME OF LATEST TRANSACTION | |
| control field | 20220421062602.0 |
| 008 - FIXED-LENGTH DATA ELEMENTS--GENERAL INFORMATION | |
| fixed length control field | 170627b xxu||||| |||| 00| 0 eng d |
| 020 ## - INTERNATIONAL STANDARD BOOK NUMBER | |
| International Standard Book Number | 9960800237 |
| 040 ## - CATALOGING SOURCE | |
| Original cataloging agency | MMU |
| Language of cataloging | eng |
| Transcribing agency | MMU |
| Modifying agency | MMU |
| 050 ## - LIBRARY OF CONGRESS CALL NUMBER | |
| Classification number | BP173.4 .A4W697 |
| 100 ## - MAIN ENTRY--PERSONAL NAME | |
| Personal name | Dr. Al-Sheha, Abdul-Rahman. |
| 245 ## - TITLE STATEMENT | |
| Title | Woman in Islam: |
| Remainder of title | and refutation of some common misconceptions/ |
| Statement of responsibility, etc. | Dr. Abdul-Rahman Al-Shahe |
| 300 ## - PHYSICAL DESCRIPTION | |
| Extent | 107 p.: |
| 650 ## - SUBJECT ADDED ENTRY--TOPICAL TERM | |
| Topical term or geographic name as entry element | Women in Islam |
| 700 ## - ADDED ENTRY--PERSONAL NAME | |
| Personal name | Dr. Abdul-Rahman, AlSheha. |
| 942 ## - ADDED ENTRY ELEMENTS (KOHA) | |
| Source of classification or shelving scheme | Library of Congress Classification |
| Koha item type | L |
| Withdrawn status | Lost status | Source of classification or shelving scheme | Damaged status | Not for loan | Home library | Current library | Date acquired | Source of acquisition | Total Checkouts | Full call number | Barcode | Date last seen | Price effective from | Koha item type |
|---|---|---|---|---|---|---|---|---|---|---|---|---|---|---|
| Library of Congress Classification | Maasai Mara University Library -Main Campus | Maasai Mara University Library -Main Campus | 06/27/2017 | DonationT4C | BP173.4 .A4W697 | 17029080 | 06/27/2017 | 06/27/2017 | L |